| 000 | 01920cam a2200181 4500500 | ||
|---|---|---|---|
| 005 | 20251228095140.0 | ||
| 041 | _afre | ||
| 042 | _adc | ||
| 100 | 1 | 0 |
_aBouit, Delphine _eauthor |
| 245 | 0 | 0 | _aAdrien Le Bihan, Un procès clandestin, Mazères, Le temps qu’il fait, 2022, 168 pages |
| 260 | _c2022. | ||
| 500 | _a57 | ||
| 520 | _aCatherine Guérard (1929-2010) a publié deux romans de son vivant. Lorsque les éditions du Chemin de fer décident de rééditer le second en 2021, toute trace de l’autrice a disparu. Les éditeurs interrogent cette éclipse, à l’aune des éléments biographiques qu’ils ont pu rassembler : pourquoi, entre 1967, parution de Renata n’importe quoi, et le décès de Catherine Guérard en 2010, ce silence jamais rompu ? | ||
| 520 | _aCatherine Guérard (1929-2010) published two novels in her time. When her publishers, the Éditions du Chemin de Fer, decided to bring the second one out again in 2021, there was no trace of the author left. Basing themselves on biographical elements they were able to gather, the publishers wonder what can have brought about this eclipse. Why did silence prevail from 1967, the year when Renata n’importe quoi came out, and Catherine Guérard’s death in 2010? | ||
| 520 | _aCatherine Guérard (1929-2010) publicou dois romances durante a sua vida. Quando a editora Chemin de fer decidiu reeditar o segundo em 2021, todos os vestígios da autora tinham, entretanto, desaparecido. Os editores questionam este eclipse à luz dos elementos biográficos que conseguiram reunir: por que razão, entre 1967, data da publicação de Renata n’importe quoi, e 2010, ano da morte de Catherine Guérard, nos deparamos com um espesso silêncio que nunca foi quebrado? | ||
| 786 | 0 | _nSigila | 50 | 2 | 2022-12-07 | p. 181a-182a | 1286-1715 | |
| 856 | 4 | 1 | _uhttps://shs.cairn.info/revue-sigila-2022-2-page-181a?lang=fr&redirect-ssocas=7080 |
| 999 |
_c1605694 _d1605694 |
||